<?xml version="1.0" encoding="UTF-8"?>
<record
    xmlns:xsi="http://www.w3.org/2001/XMLSchema-instance"
    xsi:schemaLocation="http://www.loc.gov/MARC21/slim http://www.loc.gov/standards/marcxml/schema/MARC21slim.xsd"
    xmlns="http://www.loc.gov/MARC21/slim">

  <leader>00979njm a22002777a 4500</leader>
  <controlfield tag="005">2010091601121.0</controlfield>
  <controlfield tag="007">sd ammalaaahaa</controlfield>
  <controlfield tag="008">100916t        xxu||||| |||| 00| 0 hin d</controlfield>
  <datafield tag="028" ind1=" " ind2=" ">
    <subfield code="a">EMPE. 2001</subfield>
    <subfield code="b">EMI</subfield>
  </datafield>
  <datafield tag="035" ind1=" " ind2=" ">
    <subfield code="a">GR-02939</subfield>
  </datafield>
  <datafield tag="040" ind1=" " ind2=" ">
    <subfield code="a">SED/VEN</subfield>
  </datafield>
  <datafield tag="100" ind1=" " ind2=" ">
    <subfield code="9">20257</subfield>
    <subfield code="a">Runa Laila</subfield>
  </datafield>
  <datafield tag="245" ind1=" " ind2=" ">
    <subfield code="a">Kya aese kam sukhan part 1 :</subfield>
    <subfield code="h">[sound recording] :</subfield>
    <subfield code="b">by Runa Laila ; lyrics by Ahmed Faraz ; music by Gulam Qadir Pandit</subfield>
  </datafield>
  <datafield tag="246" ind1=" " ind2=" ">
    <subfield code="a">&#x915;&#x94D;&#x92F;&#x93E; &#x910;&#x938;&#x947; &#x915;&#x92E; &#x938;&#x941;&#x916;&#x928;  (&#x930;&#x941;&#x928;&#x93E; &#x932;&#x948;&#x932;&#x93E; )</subfield>
  </datafield>
  <datafield tag="260" ind1=" " ind2=" ">
    <subfield code="a">Dum Dum India</subfield>
    <subfield code="b">EMI</subfield>
    <subfield code="c">1977</subfield>
  </datafield>
  <datafield tag="300" ind1=" " ind2=" ">
    <subfield code="a">1 sound disc [Gramophone record] :</subfield>
    <subfield code="b">analog, 45 1/3 rpm</subfield>
    <subfield code="c">7 in. </subfield>
    <subfield code="f">Gramophone Record</subfield>
  </datafield>
  <datafield tag="500" ind1=" " ind2=" ">
    <subfield code="a">Brief Record</subfield>
  </datafield>
  <datafield tag="500" ind1=" " ind2=" ">
    <subfield code="a">EMI</subfield>
  </datafield>
  <datafield tag="500" ind1=" " ind2=" ">
    <subfield code="a">Yellow</subfield>
  </datafield>
  <datafield tag="650" ind1=" " ind2=" ">
    <subfield code="x">Excerpts</subfield>
    <subfield code="z">India</subfield>
    <subfield code="9">20258</subfield>
    <subfield code="a">Urdu Modern</subfield>
  </datafield>
  <datafield tag="700" ind1=" " ind2=" ">
    <subfield code="9">20262</subfield>
    <subfield code="a">Ahmad Faraz</subfield>
  </datafield>
  <datafield tag="700" ind1=" " ind2=" ">
    <subfield code="9">20263</subfield>
    <subfield code="a">Ghulam Qadir Pandit</subfield>
  </datafield>
  <datafield tag="700" ind1=" " ind2=" ">
    <subfield code="9">20320</subfield>
  </datafield>
  <datafield tag="942" ind1=" " ind2=" ">
    <subfield code="2">ddc</subfield>
    <subfield code="c">GR</subfield>
  </datafield>
  <datafield tag="999" ind1=" " ind2=" ">
    <subfield code="c">46199</subfield>
    <subfield code="d">46199</subfield>
  </datafield>
  <datafield tag="952" ind1=" " ind2=" ">
    <subfield code="0">0</subfield>
    <subfield code="1">0</subfield>
    <subfield code="2">ddc</subfield>
    <subfield code="4">0</subfield>
    <subfield code="7">1</subfield>
    <subfield code="8">NFIC</subfield>
    <subfield code="a">L</subfield>
    <subfield code="b">L</subfield>
    <subfield code="d">2010-09-16</subfield>
    <subfield code="e">SED/VEN</subfield>
    <subfield code="l">0</subfield>
    <subfield code="p">GR-02939</subfield>
    <subfield code="r">2010-09-16 00:00:00</subfield>
    <subfield code="t">1</subfield>
    <subfield code="w">2010-09-16</subfield>
    <subfield code="y">GR</subfield>
  </datafield>
</record>
